Statistics for NBA Top 100 All-Time: Three Point Percentage

Click here to take the quiz!

General Stats

  • This quiz has been taken 340 times
    (3 since last reset)
  • The average score is 19 of 100

Answer Stats

#Player3PT Percent% Correct
40Dell Curry40.19%
100%
10Kyle Korver42.87%
100%
8Seth Curry43.08%
100%
12Stephen Curry42.55%
100%
1Steve Kerr45.40%
100%
51CJ McCollum39.94%
67%
21Grayson Allen41.19%
67%
20Klay Thompson41.28%
67%
74Kyrie Irving39.33%
67%
30Mike Miller40.67%
67%
46Ray Allen40.02%
67%
66Reggie Miller39.47%
67%
11Steve Nash42.78%
67%
34Anthony Parker40.43%
33%
43Ben Gordon40.09%
33%
70Bojan Bogdanović39.44%
33%
76Bruce Bowen39.29%
33%
47Buddy Hield40.02%
33%
78Cameron Johnson39.23%
33%
87Damon Jones38.98%
33%
28Daniel Gibson40.73%
33%
50Danny Green39.97%
33%
16Desmond Bane41.68%
33%
88Eddie House38.98%
33%
48Glen Rice40.02%
33%
2Hubert Davis44.09%
33%
45James Jones40.06%
33%
6Jason Kapono43.36%
33%
18J.J. Redick41.45%
33%
55Karl-Anthony Towns39.76%
33%
84Kawhi Leonard39.09%
33%
53Kenny Smith39.88%
33%
3Luke Kennard43.86%
33%
86Meyers Leonard39.02%
33%
99Mike Conley38.73%
33%
44Peja Stojakovic40.07%
33%
95Tracy Murray38.77%
33%
65Troy Daniels39.53%
33%
73Tyrese Haliburton39.33%
33%
39Allan Houston40.19%
0%
17Anthony Morrow41.66%
0%
13B.J. Armstrong42.49%
0%
89Bobby Phills38.95%
0%
64Bobby Simmons39.58%
0%
42Brandon Rush40.15%
0%
33Brent Barry40.53%
0%
26Bryn Forbes40.98%
0%
97Channing Frye38.77%
0%
100Chauncey Billups38.73%
0%
96Corey Kispert38.77%
0%
94Courtney Lee38.78%
0%
49Craig Hodges39.99%
0%
35Dale Ellis40.29%
0%
22Dana Barros41.10%
0%
77Danny Ferry39.27%
0%
72Darren Collison39.37%
0%
63Dāvis Bertāns39.62%
0%
60Dennis Scott39.67%
0%
24Doug McDermott40.99%
0%
4Drazen Petrovic43.74%
0%
54Duncan Robinson39.80%
0%
52Eric Piatkowski39.90%
0%
91E'Twaun Moore38.83%
0%
61Fred Hoiberg39.64%
0%
57Georges Niang39.72%
0%
68Hersey Hawkins39.45%
0%
58Isaiah Joe39.68%
0%
83Jalen Brunson39.10%
0%
75Jared Dudley39.30%
0%
36Jeff Hornacek40.29%
0%
5Joe Harris43.59%
0%
25Joe Ingles40.99%
0%
79Jon Barry39.20%
0%
29Jose Calderon40.71%
0%
98Khris Middleton38.76%
0%
37Luke Babbitt40.24%
0%
92Luther Head38.81%
0%
85Malcolm Brogdon39.07%
0%
38Mark Price40.20%
0%
19Matt Bonner41.45%
0%
41Michael Dickerson40.17%
0%
23Michael Porter Jr.41.01%
0%
93Mitch Richmond38.81%
0%
82Monté Morris39.13%
0%
69Norman Powell39.44%
0%
59Otto Porter Jr.39.67%
0%
56Pat Garrity39.76%
0%
67Payton Prichard39.46%
0%
32Raja Bell40.56%
0%
14Sam Hauser42.18%
0%
9Steve Novak43.01%
0%
7Tim Legler43.12%
0%
71Tony Snell39.39%
0%
27Trent Tucker40.78%
0%
80Trey Murphy III39.18%
0%
90Troy Murphy38.85%
0%
62Tyrese Maxey39.63%
0%
81Tyronn Lue39.15%
0%
31Wally Szczerbiak40.61%
0%
15Wesley Person41.76%
0%

Score Distribution

Percentile by Number Answered

Percent of People with Each Score

Your Score History

You have not taken this quiz since the last reset